header

Impacts of climate change on transportation and infrastructure (Record no. 162071)

MARC details
000 -LEADER
fixed length control field 01815nam a2200421 a 4500
082 04 - DEWEY DECIMAL CLASSIFICATION NUMBER
Classification number 388.0976
245 00 - TITLE STATEMENT
Title Impacts of climate change on transportation and infrastructure
260 ## - PUBLICATION, DISTRIBUTION, ETC. (IMPRINT)
Place of publication New York :
Name of publisher Nova Science Publishers,
Year of publication c2010.
300 ## - PHYSICAL DESCRIPTION
Number of Pages xxiii, 331 p. :
Other physical details ill., maps.
490 1# - SERIES STATEMENT
Series statement Climate change and its causes, effects and prediction
650 #0 - SUBJECT ADDED ENTRY--TOPICAL TERM
Topical Term Roads
Topical Term Climatic changes
Topical Term Storms
Topical Term Floods
Topical Term Sustainable engineering
Topical Term Transportation
Topical Term Infrastructure (Economics)
700 1# - ADDED ENTRY--PERSONAL NAME
Personal name Pavlopoulos, Iason.
856 40 - ELECTRONIC LOCATION AND ACCESS
Uniform Resource Identifier http://site.ebrary.com/lib/rucke/Doc?id=10671035

No items available.

© 2026 Rongo University
Contact us: librarian | system librarian | Rongo university